000 00396nam a22001457a 4500
082 _aP-358
100 _aUbaid Waqar
_948088
245 _aRehabilitation irestoration of cracked rcc beams by pre-stressing technique
_cUbaid Waqar, Muhammad Ali Aslam
260 _aMCE
300 _a37 p.
526 _a0
_b0
_c0
_dP_358
650 _aProject
700 _aSardar Khan
_947692
942 _2ddc
_cBK
999 _c551122
_d551122